[Event "NOR-chT Club"]
[Site "Drammen"]
[Date "2019.05.30"]
[Round "4"]
[White "Utseth, Mikhail"]
[Black "Kjaras, Alf Marius"]
[Result "0-1"]
[WhiteElo "1605"]
[BlackElo "1856"]
[PlyCount "70"]
[EventDate "2019.05.30"]
[EventType "team-swiss"]
[EventRounds "6"]
[EventCountry "NOR"]
[SourceTitle "CBM 190 Extra"]
[Source "ChessBase"]
[SourceDate "2019.07.15"]
[SourceVersion "1"]
[SourceVersionDate "2019.07.15"]
[SourceQuality "1"]
[WhiteTeam "Asker"]
[BlackTeam "Tonsberg"]
[WhiteTeamCountry "NOR"]
[BlackTeamCountry "NOR"]

1. d4 d5 2. e3 Nf6 3. Bd3 e6 4. Nd2 c5 5. c3 b6 6. f4 Bb7 7. Ngf3 Bd6 8. Ne5 0-0 9. 0-0 Nc6 10. Qf3 Rc8 11. Qh3 g6 12. Qf3 c4 13. Bc2 b5 14. e4 Ne7 15. Ng4 Nxg4 16. Qxg4 dxe4 17. Qe2 f5 18. a4 a6 19. axb5 axb5 20. b3 Nd5 21. bxc4 bxc4 22. Bb2 Nxf4 23. Rxf4 Bxf4 24. Nxc4 Qc7 25. Ne5 Bxe5 26. dxe5 Qxe5 27. Bb3 Ra8 28. Rd1 Rfd8 29. Rc1 Rd3 30. Qf2 e3 31. Qf1 Rd2 32. Ba1 Rxg2+ 33. Qxg2 Bxg2 34. Kxg2 e2 35. Re1 Rxa1 0-1

[Event "Asker CC-ch"]
[Site "Asker"]
[Date "2018.05.14"]
[Round "8"]
[White "Nilssen, Stale"]
[Black "Utseth, Mikhail"]
[Result "1-0"]
[WhiteElo "1593"]
[BlackElo "1648"]
[PlyCount "97"]
[EventDate "2018.01.15"]
[EventType "tourn"]
[EventRounds "9"]
[EventCountry "NOR"]
[SourceTitle "EXT 2019"]
[Source "ChessBase"]
[SourceDate "2018.10.10"]
[SourceVersion "1"]
[SourceVersionDate "2018.10.10"]
[SourceQuality "1"]

1. c4 e5 2. Nc3 Nf6 3. e3 c5 4. Nge2 Nc6 5. d4 d6 6. g3 Bf5 7. a3 Qd7 8. h3 Be4 9. Nxe4 Nxe4 10. Bg2 Qf5 11. 0-0 Ng5 12. Kh2 Nf3+ 13. Bxf3 Qxf3 14. dxc5 dxc5 15. Nc3 Qf5 16. e4 Qe6 17. Nd5 Bd6 18. Bd2 Rc8 19. Qg4 0-0 20. Qxe6 fxe6 21. Ne3 Rf3 22. Bc3 Nd4 23. Kg2 Rcf8 24. Rae1 a6 25. Ng4 b5 26. Nh2 Rd3 27. Rd1 Rxd1 28. Rxd1 bxc4 29. Nf1 Rf3 30. Ne3 Rf7 31. Nxc4 Bc7 32. b4 cxb4 33. axb4 Bb8 34. Ra1 Rc7 35. Bxd4 Rxc4 36. Bc5 h6 37. Rxa6 Kh7 38. Rxe6 Rxe4 39. Re8 Bc7 40. Rc8 Bb6 41. Bxb6 Rxb4 42. Ba5 Rb5 43. Bc3 Kg6 44. Rc6+ Kf5 45. Kf3 Rd5 46. g4+ Kg5 47. Kg3 Rd3+ 48. f3 Rxf3+ 49. Kxf3 1-0

[Event "Asker Autumn Master"]
[Site "Asker"]
[Date "2017.09.25"]
[Round "4"]
[White "Utseth, Mikhail"]
[Black "Mikelsen, Mattis"]
[Result "0-1"]
[WhiteElo "1641"]
[BlackElo "1770"]
[PlyCount "90"]
[EventDate "2017.08.28"]
[EventType "swiss"]
[EventRounds "9"]
[EventCountry "NOR"]
[SourceTitle "EXT 2024"]
[Source "ChessBase"]
[SourceDate "2023.10.10"]
[SourceVersion "1"]
[SourceVersionDate "2023.10.10"]
[SourceQuality "1"]

1. d4 Nf6 2. e3 d5 3. Bd3 g6 4. Nd2 Bg7 5. f4 0-0 6. Ngf3 c5 7. c3 Qc7 8. Ne5 Nc6 9. 0-0 Nd7 10. Qf3 Ndxe5 11. fxe5 cxd4 12. exd4 Be6 13. Qg3 f6 14. exf6 Qxg3 15. hxg3 Rxf6 16. Nf3 Raf8 17. Bg5 R6f7 18. Rf2 Bg4 19. Nh2 Bd7 20. Bb5 Bf6 21. Bh6 Bg7 22. Bf4 e5 23. Bxc6 bxc6 24. dxe5 Bf5 25. Nf3 Rb7 26. Re2 Rfb8 27. b4 Bd3 28. Re3 Be4 29. Nd4 Rc8 30. a3 Re7 31. Nf3 h6 32. Rc1 g5 33. Bxg5 hxg5 34. Nxg5 Bh6 35. Rd1 Bxg5 36. Re2 Rxe5 37. Rd4 c5 38. Rd1 cxb4 39. cxb4 Rc3 40. a4 Be3+ 41. Kf1 Bd3 42. Ke1 Bxe2 43. Kxe2 Bc5+ 44. Kd2 Bxb4 45. Rb1 Rb3+ 0-1

[Event "Asker Autumn Master"]
[Site "Asker"]
[Date "2017.08.28"]
[Round "1"]
[White "Odegaard, Per"]
[Black "Utseth, Mikhail"]
[Result "1-0"]
[WhiteElo "1927"]
[BlackElo "1641"]
[PlyCount "65"]
[EventDate "2017.08.28"]
[EventType "swiss"]
[EventRounds "9"]
[EventCountry "NOR"]
[SourceTitle "EXT 2024"]
[Source "ChessBase"]
[SourceDate "2023.10.10"]
[SourceVersion "1"]
[SourceVersionDate "2023.10.10"]
[SourceQuality "1"]

1. e4 c5 2. Nf3 b6 3. d4 cxd4 4. Nxd4 Bb7 5. Nc3 a6 6. f3 g6 7. Bc4 e6 8. Be3 Bg7 9. Qd2 Ne7 10. 0-0-0 Nbc6 11. h4 Qc7 12. h5 0-0-0 13. Qe2 Nb8 14. Ndb5 axb5 15. Nxb5 Qe5 16. c3 d5 17. Bxb6 Nbc6 18. Bc7 Qf6 19. h6 Bxh6+ 20. Rxh6 dxc4 21. Bxd8 Qg5+ 22. Qd2 Qxb5 23. Qd7+ Kb8 24. Bxe7 Qb6 25. Qd6+ Ka8 26. Qa3+ Ba6 27. Bc5 Qb5 28. Rd6 Kb7 29. Rh1 Kc7 30. Rhd1 Ra8 31. Rd7+ Kc8 32. Be3 Rb8 33. Qf8+ 1-0

[Event "Asker CC-ch Master"]
[Site "Asker"]
[Date "2017.03.27"]
[Round "7"]
[White "Grondahl, David A"]
[Black "Utseth, Mikhail"]
[Result "1-0"]
[WhiteElo "1676"]
[BlackElo "1646"]
[PlyCount "87"]
[EventDate "2017.01.09"]
[EventType "tourn"]
[EventRounds "9"]
[EventCountry "NOR"]
[SourceTitle "EXT 2024"]
[Source "ChessBase"]
[SourceDate "2023.10.10"]
[SourceVersion "1"]
[SourceVersionDate "2023.10.10"]
[SourceQuality "1"]

1. d4 d5 2. c4 c6 3. Nf3 Bd7 4. e3 e6 5. Bd3 f5 6. Ne5 Nf6 7. 0-0 Bd6 8. h3 0-0 9. Nd2 Be8 10. Ndf3 Ne4 11. Qb3 Qc7 12. c5 Be7 13. Bd2 b5 14. a4 bxa4 15. Qxa4 Nxd2 16. Nxd2 Bxc5 17. Rfc1 Bd6 18. Ndf3 c5 19. Bb5 Bh5 20. Ng5 Rf6 21. Nd7 Nxd7 22. Bxd7 Bf7 23. dxc5 Be7 24. Nxf7 Kxf7 25. c6 f4 26. e4 f3 27. exd5 fxg2 28. Bxe6+ Kf8 29. Qe4 Qb6 30. Qe3 Qc7 31. Rc4 Bd6 32. Rg4 Bh2+ 33. Kxg2 h5 34. Rga4 a5 35. Qd3 Bd6 36. Qh7 Rxe6 37. Qh8+ Kf7 38. dxe6+ Kxe6 39. Qxa8 Bb4 40. Qe8+ Kf6 41. Rd1 Qf4 42. Qd8+ Kg6 43. Rxb4 axb4 44. Qd6+ 1-0

[Event "Asker CC-ch Master"]
[Site "Asker"]
[Date "2017.01.23"]
[Round "2"]
[White "Utseth, Mikhail"]
[Black "Odegaard, Per"]
[Result "1-0"]
[WhiteElo "1646"]
[BlackElo "1935"]
[PlyCount "59"]
[EventDate "2017.01.09"]
[EventType "tourn"]
[EventRounds "9"]
[EventCountry "NOR"]
[SourceTitle "EXT 2024"]
[Source "ChessBase"]
[SourceDate "2023.10.10"]
[SourceVersion "1"]
[SourceVersionDate "2023.10.10"]
[SourceQuality "1"]

1. d4 f5 2. Bg5 g6 3. Nf3 Bg7 4. Nc3 Nf6 5. Qd2 0-0 6. e3 d6 7. Bc4+ Kh8 8. Bxf6 Bxf6 9. 0-0-0 c6 10. h4 b5 11. Bb3 a5 12. a4 Qe8 13. Ng5 e5 14. d5 b4 15. Ne2 c5 16. e4 f4 17. Ne6 Rf7 18. g4 Na6 19. g5 c4 20. Bxc4 Qxa4 21. Kb1 Bg7 22. Qd3 Qd7 23. h5 f3 24. Ng3 Kg8 25. hxg6 hxg6 26. Rh2 b3 27. cxb3 Nb4 28. Qf1 a4 29. Qh3 Rf4 30. Qh7+ 1-0

[Event "Asker CC-ch Master"]
[Site "Asker"]
[Date "2017.01.09"]
[Round "1"]
[White "Utseth, Mikhail"]
[Black "Omland, Harald"]
[Result "1-0"]
[WhiteElo "1646"]
[BlackElo "1639"]
[PlyCount "74"]
[EventDate "2017.01.09"]
[EventType "tourn"]
[EventRounds "9"]
[EventCountry "NOR"]
[SourceTitle "EXT 2024"]
[Source "ChessBase"]
[SourceDate "2023.10.10"]
[SourceVersion "1"]
[SourceVersionDate "2023.10.10"]
[SourceQuality "1"]

1. e4 c5 2. Nc3 d6 3. Bc4 e6 4. f4 Qh4+ 5. g3 Qd8 6. Nf3 Nf6 7. 0-0 Be7 8. d4 cxd4 9. Nxd4 Nc6 10. Be3 a6 11. Qf3 h5 12. Nxc6 bxc6 13. e5 Nd5 14. exd6 Bxd6 15. Bd4 h4 16. Bxg7 Rg8 17. Be5 hxg3 18. hxg3 Qh4 19. Bxd6 Rxg3+ 20. Kf2 Rxf3+ 21. Kxf3 Qh3+ 22. Ke2 Qe3+ 23. Kd1 Qd4+ 24. Bd3 Ne3+ 25. Ke2 Nxf1 26. Be5 Qb4 27. Rxf1 a5 28. Ne4 Ba6 29. Nd6+ Ke7 30. c4 f6 31. a3 Qb3 32. Bxf6+ Kxf6 33. Ne4+ Ke7 34. Rh1 Qxb2+ 35. Ke3 Rf8 36. Ng5 Qxa3 37. Rh7+ Kd6 1-0

[Event "Asker Autumn A"]
[Site "Asker"]
[Date "2016.11.21"]
[Round "8"]
[White "Utseth, Mikhail"]
[Black "Rostad, Rolf"]
[Result "1-0"]
[WhiteElo "1614"]
[BlackElo "1823"]
[PlyCount "79"]
[EventDate "2016.08.29"]
[EventType "swiss"]
[EventRounds "9"]
[EventCountry "NOR"]
[SourceTitle "EXT 2024"]
[Source "ChessBase"]
[SourceDate "2023.10.10"]
[SourceVersion "1"]
[SourceVersionDate "2023.10.10"]
[SourceQuality "1"]

1. d4 Nf6 2. c4 c5 3. Nf3 d6 4. d5 b5 5. b3 g6 6. Bb2 Bg7 7. Qc2 Bf5 8. Qc1 0-0 9. g3 bxc4 10. bxc4 Nbd7 11. Nbd2 Qa5 12. Bc3 Qa6 13. Nh4 e6 14. Bg2 exd5 15. Nxf5 gxf5 16. cxd5 Nb6 17. Qc2 Rae8 18. 0-0 Qxe2 19. Qxf5 Qg4 20. Qd3 c4 21. Qc2 Nbxd5 22. h3 Qc8 23. Bxd5 Nxd5 24. Bxg7 Kxg7 25. Qxc4 Nf6 26. Qh4 h6 27. g4 Qc5 28. Rac1 Qd5 29. Nc4 Re4 30. Ne3 Qg5 31. Qg3 d5 32. Nf5+ Kh7 33. f4 Qg6 34. Rc7 Ne8 35. Rxa7 Rg8 36. Ne7 Qe6 37. Nxg8 Re2 38. Re7 Qb6+ 39. Kh1 Rxa2 40. Rxe8 1-0

[Event "Asker Autumn A"]
[Site "Asker"]
[Date "2016.11.14"]
[Round "7"]
[White "Utseth, Mikhail"]
[Black "Omland, Harald"]
[Result "0-1"]
[WhiteElo "1614"]
[BlackElo "1547"]
[PlyCount "117"]
[EventDate "2016.08.29"]
[EventType "swiss"]
[EventRounds "9"]
[EventCountry "NOR"]
[SourceTitle "EXT 2024"]
[Source "ChessBase"]
[SourceDate "2023.10.10"]
[SourceVersion "1"]
[SourceVersionDate "2023.10.10"]
[SourceQuality "1"]

1. e4 c5 2. f4 e6 3. Nf3 d6 4. Nc3 Nf6 5. Be2 Be7 6. 0-0 a6 7. d4 cxd4 8. Nxd4 Nc6 9. Be3 0-0 10. Qe1 Qa5 11. a3 Qb6 12. Na4 Qc7 13. Bd3 Ng4 14. Nf3 Nxe3 15. Qxe3 b5 16. Nb6 Rb8 17. Nxc8 Rfxc8 18. Kh1 Qb6 19. Qe1 Nd4 20. Qf2 Nxf3 21. Qxf3 Rc5 22. Rae1 g6 23. f5 Rf8 24. f6 Bd8 25. e5 dxe5 26. Qe3 Kh8 27. Qh6 Rg8 28. Bxg6 Rxg6 29. Qf8+ Rg8 30. Qxf7 Rc7 31. Qh5 Qc6 32. Re2 Qd6 33. c3 Rg6 34. f7 Rxf7 35. Rfe1 Rfg7 36. Qf3 Bc7 37. g3 Qd5 38. Re4 Bd6 39. Rd1 Qc6 40. Qd3 Rg4 41. Rde1 Rxe4 42. Qxe4 Qxe4+ 43. Rxe4 Rf7 44. Kg2 Kg7 45. a4 Rb7 46. a5 Rc7 47. Kf3 Rc4 48. Re3 Ra4 49. b4 Kf6 50. Rd3 Ke7 51. Kg4 Ra3 52. Rf3 e4 53. Re3 Bxb4 54. Rxe4 Bxa5 55. Kh5 Bxc3 56. Kh6 b4 57. Rc4 Ra2 58. h4 Rg2 59. g4 0-1

[Event "Asker Autumn A"]
[Site "Asker"]
[Date "2016.09.19"]
[Round "3"]
[White "Utseth, Mikhail"]
[Black "Nydal, Roar"]
[Result "1/2-1/2"]
[WhiteElo "1614"]
[BlackElo "1558"]
[PlyCount "90"]
[EventDate "2016.08.29"]
[EventType "swiss"]
[EventRounds "9"]
[EventCountry "NOR"]
[SourceTitle "EXT 2024"]
[Source "ChessBase"]
[SourceDate "2023.10.10"]
[SourceVersion "1"]
[SourceVersionDate "2023.10.10"]
[SourceQuality "1"]

1. d4 d5 2. e3 Nf6 3. c4 c6 4. Nc3 g6 5. Be2 Bg7 6. Nf3 0-0 7. 0-0 Re8 8. Ne5 Nbd7 9. f4 Nxe5 10. fxe5 Ne4 11. cxd5 Nxc3 12. bxc3 cxd5 13. Qb3 b6 14. Bb5 Rf8 15. Bc6 Ba6 16. Bxd5 Bxf1 17. Bxa8 Qxa8 18. Kxf1 Qe4 19. Qb1 Qh4 20. h3 Bh6 21. Qd3 f5 22. Bd2 f4 23. exf4 Bxf4 24. Bxf4 Qxf4+ 25. Kg1 Qf2+ 26. Kh2 Qb2 27. Qc4+ Kh8 28. Rf1 Rf2 29. Rxf2 Qxf2 30. d5 Qe3 31. Qd4 Qxd4 32. cxd4 Kg7 33. Kg3 b5 34. Kf4 b4 35. Ke3 a5 36. Kd3 a4 37. Kc2 Kf7 38. Kb2 Ke8 39. a3 b3 40. Kc3 Kd7 41. g4 g5 42. Kd3 h6 43. Kc3 Kd8 44. Kd3 Kd7 45. Kd2 Kd8 1/2-1/2

[Event "Asker Autumn A"]
[Site "Asker"]
[Date "2016.09.05"]
[Round "2"]
[White "Mikelsen, Mattis"]
[Black "Utseth, Mikhail"]
[Result "1/2-1/2"]
[WhiteElo "1520"]
[BlackElo "1614"]
[PlyCount "113"]
[EventDate "2016.08.29"]
[EventType "swiss"]
[EventRounds "9"]
[EventCountry "NOR"]
[SourceTitle "EXT 2024"]
[Source "ChessBase"]
[SourceDate "2023.10.10"]
[SourceVersion "1"]
[SourceVersionDate "2023.10.10"]
[SourceQuality "1"]

1. e4 c5 2. d4 e6 3. Nf3 d5 4. Nc3 dxe4 5. Nxe4 Nc6 6. Be3 cxd4 7. Nxd4 Bd7 8. Nb5 Nf6 9. Nxf6+ gxf6 10. Nd6+ Bxd6 11. Qxd6 Qa5+ 12. Bd2 Qb6 13. Bc3 Ne5 14. Qxb6 axb6 15. a3 Bc6 16. 0-0-0 Rg8 17. h3 Rg6 18. f4 Nd7 19. Rg1 0-0-0 20. g4 h5 21. Bd3 Rh6 22. g5 Rhh8 23. Bxf6 Nxf6 24. gxf6 Rh6 25. Rdf1 Rxf6 26. Rg5 Rh8 27. Be2 h4 28. Kd2 Be4 29. Ke3 Bf5 30. Bg4 Bxg4 31. hxg4 Rfh6 32. Rh1 h3 33. Rh2 Kd7 34. Kf3 f6 35. Rg7+ Kc6 36. c4 Rd8 37. Ke3 Rd1 38. b4 b5 39. cxb5+ Kxb5 40. g5 fxg5 41. fxg5 Rh4 42. g6 Rb1 43. Rxb7+ Kc6 44. Rh7 Rb3+ 45. Kd2 Rd4+ 46. Kc2 Rxa3 47. g7 Rg4 48. R2xh3 Rxh3 49. Rxh3 Rxg7 50. Kc3 Rg4 51. Rh5 Kd6 52. b5 e5 53. b6 Rg7 54. Kc4 Re7 55. Rh6+ Kd7 56. Kd5 e4 57. Rh2 1/2-1/2

[Event "Asker CC-ch Class A"]
[Site "Asker"]
[Date "2016.03.14"]
[Round "5"]
[White "Utseth, Mikhail"]
[Black "Andersen, Guttorm"]
[Result "0-1"]
[WhiteElo "1425"]
[BlackElo "1690"]
[PlyCount "118"]
[EventDate "2016.01.11"]
[EventType "swiss"]
[EventRounds "9"]
[EventCountry "NOR"]
[SourceTitle "EXT 2024"]
[Source "ChessBase"]
[SourceDate "2023.10.10"]
[SourceVersion "1"]
[SourceVersionDate "2023.10.10"]
[SourceQuality "1"]

1. d4 d5 2. Nf3 Nf6 3. c4 c6 4. e3 Bf5 5. Nc3 e6 6. a3 Bd6 7. c5 Bc7 8. Bd3 Bxd3 9. Qxd3 Nbd7 10. 0-0 0-0 11. Nd2 e5 12. b4 e4 13. Qe2 Ne8 14. f4 exf3 15. Rxf3 f5 16. Rh3 g6 17. Nf3 Ng7 18. Bd2 Qe7 19. Qd3 Nf6 20. Be1 Rae8 21. Bf2 Ne4 22. Re1 Nh5 23. Bh4 Qg7 24. Ng5 Nhf6 25. Ncxe4 fxe4 26. Qe2 h6 27. Rf1 hxg5 28. Bxg5 Nh5 29. g4 Rxf1+ 30. Qxf1 Re6 31. gxh5 gxh5 32. Rxh5 Bd8 33. Qf5 Rg6 34. h4 Bxg5 35. Rxg5 Rxg5+ 36. hxg5 Qf7 37. Qg4 Kg7 38. Kg2 Kg6 39. Kg3 Qe7 40. Kh4 Qh7+ 41. Kg3 Qf7 42. Qf4 Qg7 43. Qh4 a6 44. Qh6+ Qxh6 45. gxh6 Kxh6 46. Kf4 Kh5 47. a4 Kh4 48. Ke5 Kg3 49. Kd6 Kf3 50. Kc7 Kxe3 51. Kxb7 Kxd4 52. Kxc6 e3 53. Kb7 e2 54. c6 e1Q 55. b5 axb5 56. c7 Qe7 57. axb5 Kc5 58. b6 Qd7 59. Kb8 Kxb6 0-1

[Event "Asker CC-ch Class A"]
[Site "Asker"]
[Date "2016.02.15"]
[Round "4"]
[White "Omland, Harald"]
[Black "Utseth, Mikhail"]
[Result "0-1"]
[WhiteElo "1309"]
[BlackElo "1425"]
[PlyCount "77"]
[EventDate "2016.01.11"]
[EventType "swiss"]
[EventRounds "9"]
[EventCountry "NOR"]
[SourceTitle "EXT 2024"]
[Source "ChessBase"]
[SourceDate "2023.10.10"]
[SourceVersion "1"]
[SourceVersionDate "2023.10.10"]
[SourceQuality "1"]

1. f4 d5 2. Nf3 g6 3. e3 Bg7 4. d4 Bg4 5. Be2 Bxf3 6. Bxf3 c6 7. 0-0 Nd7 8. Bd2 f5 9. Nc3 Ngf6 10. Qe1 b5 11. b4 Nb6 12. a4 Ne4 13. axb5 Nxc3 14. Bxc3 cxb5 15. Qe2 a6 16. Rxa6 0-0 17. Qxb5 Rxa6 18. Qxa6 Qc7 19. Be1 e6 20. Qd3 Nc4 21. c3 Ra8 22. Rf2 Ra1 23. Re2 Rc1 24. Kf2 Na3 25. Ra2 Nc4 26. Rc2 Ra1 27. Qe2 Qa7 28. g4 Qa4 29. gxf5 gxf5 30. Bh5 Qb3 31. Be8 Kf8 32. Bc6 Nd6 33. Rb2 Ne4+ 34. Kf3 Qa3 35. Rc2 Qa7 36. b5 Qf7 37. Kg2 Qg6+ 38. Bg3 h5 39. h4 0-1

[Event "Asker CC-ch Class A"]
[Site "Asker"]
[Date "2016.02.08"]
[Round "3"]
[White "Utseth, Mikhail"]
[Black "Larsen, Odd Ingolf"]
[Result "1-0"]
[WhiteElo "1425"]
[BlackElo "1153"]
[PlyCount "110"]
[EventDate "2016.01.11"]
[EventType "swiss"]
[EventRounds "9"]
[EventCountry "NOR"]
[SourceTitle "EXT 2024"]
[Source "ChessBase"]
[SourceDate "2023.10.10"]
[SourceVersion "1"]
[SourceVersionDate "2023.10.10"]
[SourceQuality "1"]

1. d4 d5 2. c4 dxc4 3. Nc3 a6 4. a4 e6 5. e4 Bb4 6. Bxc4 Nc6 7. Nf3 Nf6 8. Bg5 h6 9. Bxf6 Qxf6 10. 0-0 0-0 11. Qb3 Qe7 12. d5 Na5 13. Qa2 Nxc4 14. Qxc4 Bxc3 15. Qxc3 exd5 16. exd5 Rd8 17. Rfe1 Qd6 18. Rad1 Bf5 19. h3 Re8 20. Ne5 Rad8 21. Nc4 Rxe1+ 22. Qxe1 Qc5 23. Ne3 Bg6 24. b4 Qd6 25. Nc4 Qd7 26. a5 Bc2 27. Rd2 Bb3 28. Ne3 Qe8 29. Qc1 Qd7 30. Qc3 Ba4 31. Ng4 Qe7 32. Ne3 Qd7 33. Qe5 Qd6 34. Qd4 Re8 35. g3 c6 36. Nf5 Qe5 37. Qxe5 Rxe5 38. g4 cxd5 39. Rxd5 Re4 40. Nd4 Kh7 41. f3 Re1+ 42. Kf2 Rb1 43. b5 axb5 44. Rd7 b4 45. Rxb7 b3 46. a6 Rd1 47. a7 Be8 48. Nxb3 Bc6 49. Rc7 Ra1 50. Kg3 Bd5 51. Nd4 Ra3 52. Rd7 Be6 53. Nxe6 fxe6 54. h4 Kg6 55. g5 hxg5 1-0

[Event "Asker CC-ch A"]
[Site "Asker"]
[Date "2015.05.04"]
[Round "8"]
[White "Utseth, Mikhail"]
[Black "Wilhelmsen, Fredrik"]
[Result "0-1"]
[WhiteElo "1462"]
[BlackElo "1189"]
[PlyCount "146"]
[EventDate "2015.02.23"]
[EventType "swiss"]
[EventRounds "9"]
[EventCountry "NOR"]
[SourceTitle "EXT 2023"]
[Source "ChessBase"]
[SourceDate "2022.10.05"]
[SourceVersion "1"]
[SourceVersionDate "2022.10.05"]
[SourceQuality "1"]

1. d4 d5 2. e3 a6 3. Bd3 Nf6 4. Nd2 b5 5. c3 Bb7 6. a3 Nbd7 7. f4 e6 8. Ngf3 c5 9. 0-0 Qc7 10. Ne5 Be7 11. Ndf3 Ne4 12. Bxe4 dxe4 13. Ng5 Nxe5 14. dxe5 Bxg5 15. fxg5 Qxe5 16. Qg4 Bd5 17. Bd2 h6 18. g6 f5 19. Qh5 0-0 20. Be1 Bc4 21. Rf4 Qd5 22. Rd1 Bd3 23. Bh4 Qc4 24. Rd2 Ra7 25. h3 b4 26. axb4 cxb4 27. cxb4 Qxb4 28. Rxd3 e5 29. Rxf5 exd3 30. Rxf8+ Qxf8 31. Qxe5 Ra8 32. Qd5+ Kh8 33. Qxd3 a5 34. e4 Qb4 35. Bg3 Re8 36. e5 Qxb2 37. Qd7 Qb1+ 38. Kh2 Qxg6 39. Qd5 Qa6 40. Qd7 Re6 41. Qa4 Qb6 42. Qf4 Qc6 43. Qf8+ Kh7 44. Qf5+ Rg6 45. h4 Kg8 46. h5 Rg5 47. Qd3 Rxh5+ 48. Kg1 Qc5+ 49. Kf1 Rh1+ 50. Ke2 Rc1 51. Qd8+ Qf8 52. Qxa5 Qf1+ 53. Ke3 Qg1+ 54. Bf2 Qxg2 55. Qd8+ Kh7 56. Qd3+ Qg6 57. e6 Qxd3+ 58. Kxd3 Rc6 59. e7 Re6 60. Bc5 Kg6 61. Kd4 Kf7 62. Kd5 g5 63. Bd6 h5 64. Be5 g4 65. Bg3 Rxe7 66. Kd4 Kg6 67. Bh4 Re2 68. Kd3 Rh2 69. Be1 h4 70. Ke3 Kf5 71. Bf2 h3 72. Bg3 Ra2 73. Bc7 h2 0-1

[Event "Asker CC-ch A"]
[Site "Asker"]
[Date "2015.03.23"]
[Round "6"]
[White "Utseth, Mikhail"]
[Black "Erlendson, Audun"]
[Result "1-0"]
[WhiteElo "1462"]
[BlackElo "1367"]
[PlyCount "65"]
[EventDate "2015.02.23"]
[EventType "swiss"]
[EventRounds "9"]
[EventCountry "NOR"]
[SourceTitle "EXT 2023"]
[Source "ChessBase"]
[SourceDate "2022.10.05"]
[SourceVersion "1"]
[SourceVersionDate "2022.10.05"]
[SourceQuality "1"]

1. f4 e5 2. fxe5 Nc6 3. Nf3 d6 4. exd6 Bxd6 5. b3 Bg4 6. Bb2 Nf6 7. e3 Qd7 8. Be2 h5 9. h3 Bg3+ 10. Kf1 Bxf3 11. Bxf3 g5 12. Bxf6 Rh6 13. Bxg5 Rg6 14. h4 f6 15. Bxh5 Ne5 16. Bxg6+ Nxg6 17. Bxf6 Ne5 18. Qh5+ Nf7 19. Qg6 Qe6 20. Nc3 Be5 21. Qg8+ Kd7 22. Qxa8 Qxf6+ 23. Ke2 Qg6 24. Qxb7 Bg3 25. Qd5+ Kc8 26. Qf3 Ne5 27. Qf8+ Kb7 28. Kd1 Qg4+ 29. Ne2 Bxh4 30. Qf4 Qxg2 31. Qxh4 Ng4 32. Rg1 Nf2+ 33. Ke1 1-0

[Event "Asker Autumn"]
[Site "Asker"]
[Date "2013.10.07"]
[Round "4"]
[White "Benn, Neil"]
[Black "Utseth, Mikhail"]
[Result "0-1"]
[WhiteElo "1595"]
[BlackElo "1452"]
[PlyCount "85"]
[EventDate "2013.09.16"]
[EventType "tourn"]
[EventRounds "9"]
[EventCountry "NOR"]
[SourceTitle "EXT 2023"]
[Source "ChessBase"]
[SourceDate "2022.10.05"]
[SourceVersion "1"]
[SourceVersionDate "2022.10.05"]
[SourceQuality "1"]

1. d4 Nf6 2. Nf3 e6 3. c4 b6 4. a3 Bb7 5. Nc3 d5 6. Bg5 Be7 7. e3 Nbd7 8. cxd5 Nxd5 9. Bxe7 Qxe7 10. Qc2 0-0 11. Bd3 N7f6 12. 0-0 Nxc3 13. Qxc3 Bxf3 14. gxf3 Nd5 15. Qc2 g6 16. Kh1 c5 17. dxc5 Rac8 18. c6 Qc7 19. Rac1 Rcd8 20. b4 Qe5 21. f4 Qh5 22. Be2 Qh3 23. Qe4 Qh4 24. Qf3 Rc8 25. Rg1 Rc7 26. Rg4 Qd8 27. Rd1 Qf6 28. Bd3 Rxc6 29. f5 Rc3 30. e4 Ne7 31. Qf4 exf5 32. exf5 Rd8 33. Qe4 Nxf5 34. Bc2 Rxd1+ 35. Bxd1 Rxa3 36. Bc2 Nd6 37. Qa8+ Kg7 38. f4 Qc3 39. f5 Ra1+ 40. Rg1 Rxg1+ 41. Kxg1 Qxc2 42. Qd5 Qb1+ 43. Kg2 0-1